[Event "World Chess Olympiad 2018"]
[Site "Batumi"]
[Date "2018.10.03"]
[Round "9"]
[Board "2"]
[WhiteFideId "11601388"]
[White "Neiksans Arturs"]
[BlackFideId "13602608"]
[Black "Sanikidze Tornike"]
[Result "1/2-1/2"]
[LiveChessVersion "1.4.8"]
[BlackElo "2497"]
[WhiteElo "2566"]

1. e4 {[%clk 1:30:57]} c5 {[%clk 1:29:42]} 2. Nf3 {[%clk 1:31:23]} d6
{[%clk 1:30:06]} 3. Bb5+ {[%clk 1:31:47]} Nd7 {[%clk 1:30:29]} 4. O-O
{[%clk 1:32:09]} a6 {[%clk 1:30:55]} 5. Bd3 {[%clk 1:32:34]} Ngf6
{[%clk 1:26:19]} 6. Re1 {[%clk 1:32:40]} e5 {[%clk 1:25:41]} 7. c3
{[%clk 1:32:45]} Be7 {[%clk 1:24:32]} 8. Bc2 {[%clk 1:33:11]} O-O
{[%clk 1:24:45]} 9. d4 {[%clk 1:33:10]} b5 {[%clk 1:23:30]} 10. Nbd2
{[%clk 1:29:48]} cxd4 {[%clk 1:18:09]} 11. cxd4 {[%clk 1:30:13]} Bb7
{[%clk 1:18:36]} 12. Nf1 {[%clk 1:28:32]} Re8 {[%clk 1:04:47]} 13. Ng3
{[%clk 1:27:33]} Bf8 {[%clk 1:05:12]} 14. d5 {[%clk 1:22:07]} g6 {[%clk 0:58:53]}
15. Bd2 {[%clk 1:22:06]} a5 {[%clk 0:56:25]} 16. a3 {[%clk 1:20:18]} Nb6
{[%clk 0:54:51]} 17. Bd3 {[%clk 1:17:13]} Nc4 {[%clk 0:55:20]} 18. Qe2
{[%clk 1:17:05]} Nd7 {[%clk 0:41:13]} 19. b4 {[%clk 0:44:04]} Ba6
{[%clk 0:33:51]} 20. a4 {[%clk 0:36:33]} Nxd2 {[%clk 0:32:54]} 21. Qxd2
{[%clk 0:37:00]} bxa4 {[%clk 0:32:50]} 22. Bxa6 {[%clk 0:37:25]} Rxa6
{[%clk 0:33:03]} 23. Rxa4 {[%clk 0:37:49]} Nb6 {[%clk 0:32:41]} 24. Rxa5
{[%clk 0:23:48]} Nc4 {[%clk 0:33:01]} 25. Qd3 {[%clk 0:24:14]} Rxa5
{[%clk 0:33:14]} 26. bxa5 {[%clk 0:24:40]} Nxa5 {[%clk 0:33:29]} 27. Rb1
{[%clk 0:21:33]} Re7 {[%clk 0:32:42]} 28. Qa6 {[%clk 0:21:46]} Rc7
{[%clk 0:33:11]} 29. Ne1 {[%clk 0:20:50]} Nc4 {[%clk 0:29:49]} 30. Nd3
{[%clk 0:18:06]} Qc8 {[%clk 0:25:59]} 31. Qxc8 {[%clk 0:16:48]} Rxc8
{[%clk 0:26:26]} 32. Rc1 {[%clk 0:15:34]} Nb6 {[%clk 0:26:54]} 33. Rxc8
{[%clk 0:15:52]} Nxc8 {[%clk 0:27:20]} 34. Ne2 {[%clk 0:15:11]} Be7
{[%clk 0:26:13]} 35. Nc3 {[%clk 0:15:01]} Bd8 {[%clk 0:26:33]} 36. Nb5
{[%clk 0:15:14]} Bb6 {[%clk 0:26:22]} 37. Kf1 {[%clk 0:15:35]} f5
{[%clk 0:26:02]} 38. f3 {[%clk 0:15:54]} Kf7 {[%clk 0:25:26]} 39. Nb2
{[%clk 0:14:45]} fxe4 {[%clk 0:24:21]} 40. fxe4 {[%clk 0:45:11]} Ke7
{[%clk 0:54:25]} 41. Nc4 {[%clk 0:45:23]} Bd8 {[%clk 0:54:15]} 42. Ke2
{[%clk 0:45:12]} Kd7 {[%clk 0:54:30]} 43. Kf3 {[%clk 0:45:31]} Bf6
{[%clk 0:54:01]} 44. Kg4 {[%clk 0:45:21]} Be7 {[%clk 0:53:04]} 45. h4
{[%clk 0:42:42]} h5+ {[%clk 0:51:28]} 46. Kh3 {[%clk 0:42:34]} Bf6
{[%clk 0:51:33]} 47. g4 {[%clk 0:25:05]} hxg4+ {[%clk 0:51:59]} 48. Kxg4
{[%clk 0:25:32]} Be7 {[%clk 0:52:26]} 49. h5 {[%clk 0:24:40]} gxh5+
{[%clk 0:52:45]} 50. Kxh5 {[%clk 0:25:06]} Bd8 {[%clk 0:52:31]} 51. Kg6
{[%clk 0:22:10]} Bh4 {[%clk 0:52:57]} 52. Ne3 {[%clk 0:21:19]} Be1
{[%clk 0:52:29]} 53. Ng4 {[%clk 0:19:45]} Bh4 {[%clk 0:52:44]} 54. Nh6
{[%clk 0:19:10]} Be7 {[%clk 0:51:24]} 55. Nf5 {[%clk 0:18:29]} Bd8
{[%clk 0:51:44]} 56. Kh5 {[%clk 0:18:09]} Bf6 {[%clk 0:50:21]} 57. Kg4
{[%clk 0:18:36]} Bd8 {[%clk 0:50:24]} 58. Kf3 {[%clk 0:19:02]} Bb6
{[%clk 0:49:54]} 59. Ke2 {[%clk 0:19:29]} Bc5 {[%clk 0:50:00]} 60. Kd3
{[%clk 0:19:48]} Nb6 {[%clk 0:49:05]} 61. Kc3 {[%clk 0:19:58]} Na4+
{[%clk 0:49:16]} 62. Kc2 {[%clk 0:19:35]} Nb6 {[%clk 0:49:44]} 63. Kb3
{[%clk 0:20:00]} Nc8 {[%clk 0:50:13]} 64. Nc3 {[%clk 0:20:18]} Nb6
{[%clk 0:46:15]} 65. Na4 {[%clk 0:20:39]} Nxa4 {[%clk 0:46:41]} 66. Kxa4
{[%clk 0:21:06]} Kc7 {[%clk 0:46:34]} 67. Kb5 {[%clk 0:21:31]} Bf2
{[%clk 0:44:43]} 68. Ka6 {[%clk 0:21:08]} Bc5 {[%clk 0:42:59]} 69. Ng3
{[%clk 0:21:31]} Bf2 {[%clk 0:43:19]} 70. Ne2 {[%clk 0:21:42]} Bd4
{[%clk 0:42:21]} 71. Nc1 {[%clk 0:21:53]} Be3 {[%clk 0:42:29]} 72. Nb3
{[%clk 0:22:00]} Bf2 {[%clk 0:42:22]} 73. Nd2 {[%clk 0:22:08]} Be3
{[%clk 0:42:37]} 74. Nc4 {[%clk 0:22:31]} Bf2 {[%clk 0:42:44]} 75. Kb5
{[%clk 0:22:41]} Bd4 {[%clk 0:42:43]} 76. Kb4 {[%clk 0:22:55]} Bc5+
{[%clk 0:42:47]} 77. Kc3 {[%clk 0:23:21]} Kb7 {[%clk 0:42:36]} 78. Nd2
{[%clk 0:22:57]} Kb6 {[%clk 0:42:40]} 79. Nf3 {[%clk 0:23:13]} Kb5
{[%clk 0:42:52]} 80. Nh4 {[%clk 0:23:30]} Bf2 {[%clk 0:41:49]} 81. Nf5
{[%clk 0:23:52]} Bc5 {[%clk 0:42:15]} 82. Kd3 {[%clk 0:24:12]} Kb4
{[%clk 0:42:29]} 83. Ng7 {[%clk 0:23:16]} Kb3 {[%clk 0:42:33]} 84. Ne8
{[%clk 0:23:31]} Kb4 {[%clk 0:42:45]} 85. Nf6 {[%clk 0:23:43]} Bb6
{[%clk 0:41:55]} 86. Ng4 {[%clk 0:21:11]} Bc5 {[%clk 0:42:14]} 87. Nh6
{[%clk 0:21:21]} Bb6 {[%clk 0:42:24]} 88. Nf7 {[%clk 0:18:35]} Bc5
{[%clk 0:40:31]} 89. Nd8 {[%clk 0:18:32]} Bb6 {[%clk 0:40:31]} 90. Ne6
{[%clk 0:18:02]} Kb3 {[%clk 0:40:29]} 91. Nf8 {[%clk 0:17:28]} Bc5
{[%clk 0:40:28]} 92. Nd7 {[%clk 0:17:38]} Ba7 {[%clk 0:40:56]} 93. Nf6
{[%clk 0:17:19]} Bb6 {[%clk 0:41:25]} 94. Nh5 {[%clk 0:15:43]} Bc5
{[%clk 0:41:39]} 95. Ke2 {[%clk 0:15:43]} Kc4 {[%clk 0:41:56]} 96. Ng3
{[%clk 0:15:56]} Kd4 {[%clk 0:42:08]} 97. Kf3 {[%clk 0:16:11]} Kd3
{[%clk 0:42:37]} 98. Nh5 {[%clk 0:16:19]} Ba7 {[%clk 0:42:52]} 99. Nf6
{[%clk 0:16:25]} Bb6 {[%clk 0:43:21]} 100. Nh5 {[%clk 0:13:38]} Bc5
{[%clk 0:42:10]} 101. Ng3 {[%clk 0:13:59]} Bb6 {[%clk 0:42:29]} 1/2-1/2

[Event "World Chess Olympiad 2018"]
[Site "Batumi"]
[Date "2018.10.03"]
[Round "9"]
[Board "3"]
[WhiteFideId "13604597"]
[White "Beradze Irakli"]
[BlackFideId "11602740"]
[Black "Meshkovs Nikita"]
[Result "1/2-1/2"]
[LiveChessVersion "1.4.8"]
[BlackElo "2535"]
[WhiteElo "2495"]

1. Nf3 {[%clk 1:30:54]} Nf6 {[%clk 1:30:53]} 2. c4 {[%clk 1:31:16]} e6
{[%clk 1:30:57]} 3. g3 {[%clk 1:30:50]} d5 {[%clk 1:31:14]} 4. Bg2
{[%clk 1:30:41]} dxc4 {[%clk 1:30:19]} 5. Qa4+ {[%clk 1:30:04]} Bd7
{[%clk 1:30:42]} 6. Qxc4 {[%clk 1:30:30]} c5 {[%clk 1:31:07]} 7. Ne5
{[%clk 1:28:40]} Qc8 {[%clk 1:31:30]} 8. O-O {[%clk 1:25:29]} Nc6
{[%clk 1:31:13]} 9. Nxd7 {[%clk 1:25:43]} Qxd7 {[%clk 1:31:38]} 10. Nc3
{[%clk 1:25:35]} Rc8 {[%clk 1:30:10]} 11. d3 {[%clk 1:17:23]} Be7
{[%clk 1:28:19]} 12. Bd2 {[%clk 1:08:53]} O-O {[%clk 1:27:48]} 13. Qa4
{[%clk 1:08:25]} Rfd8 {[%clk 1:27:02]} 14. Rfd1 {[%clk 1:08:21]} b6
{[%clk 1:24:03]} 15. Rac1 {[%clk 1:05:10]} h6 {[%clk 1:20:36]} 16. Be1
{[%clk 1:02:17]} Nd4 {[%clk 1:13:21]} 17. Qxd7 {[%clk 1:01:03]} Rxd7
{[%clk 1:13:26]} 18. Kf1 {[%clk 1:00:33]} Nc6 {[%clk 1:09:48]} 19. a3
{[%clk 0:54:12]} Nd4 {[%clk 1:03:11]} 20. e3 {[%clk 0:48:55]} Nb3
{[%clk 1:03:34]} 21. Rc2 {[%clk 0:47:55]} Rcd8 {[%clk 1:03:59]} 22. Ke2
{[%clk 0:47:36]} a6 {[%clk 1:03:20]} 23. Bc6 {[%clk 0:37:40]} Rc7
{[%clk 1:02:40]} 24. Ba4 {[%clk 0:37:46]} Na5 {[%clk 1:03:00]} 25. Rcc1
{[%clk 0:35:39]} Nb7 {[%clk 1:02:02]} 26. Bc2 {[%clk 0:32:47]} Ng4
{[%clk 0:52:12]} 27. h3 {[%clk 0:32:25]} Ne5 {[%clk 0:52:39]} 28. f4
{[%clk 0:29:30]} Nc6 {[%clk 0:53:02]} 29. g4 {[%clk 0:27:59]} b5 {[%clk 0:51:53]}
30. Ne4 {[%clk 0:27:02]} Kf8 {[%clk 0:40:52]} 31. f5 {[%clk 0:23:03]} exf5
{[%clk 0:38:08]} 32. gxf5 {[%clk 0:21:51]} Rd5 {[%clk 0:38:32]} 33. Bg3
{[%clk 0:19:28]} Rcd7 {[%clk 0:38:57]} 34. Rf1 {[%clk 0:18:41]} Nd6
{[%clk 0:25:07]} 35. f6 {[%clk 0:16:55]} gxf6 {[%clk 0:25:31]} 36. Bxd6
{[%clk 0:16:52]} R7xd6 {[%clk 0:24:28]} 37. Nxd6 {[%clk 0:16:44]} Rxd6
{[%clk 0:24:33]} 38. Rf5 {[%clk 0:15:27]} Re6 {[%clk 0:24:18]} 39. Kf2
{[%clk 0:15:12]} Ne5 {[%clk 0:24:41]} 40. Rd1 {[%clk 0:43:37]} Ng6
{[%clk 0:49:02]} 41. d4 {[%clk 0:30:36]} cxd4 {[%clk 0:44:16]} 42. exd4
{[%clk 0:30:14]} Nh4 {[%clk 0:44:12]} 43. Rd5 {[%clk 0:25:28]} f5
{[%clk 0:44:37]} 44. Rd7 {[%clk 0:23:33]} Rg6 {[%clk 0:42:45]} 45. Re1
{[%clk 0:19:25]} Rg2+ {[%clk 0:26:37]} 46. Kf1 {[%clk 0:19:48]} Rxc2
{[%clk 0:27:02]} 47. Rexe7 {[%clk 0:20:10]} Kg7 {[%clk 0:27:27]} 48. Rxf7+
{[%clk 0:14:28]} Kg6 {[%clk 0:27:56]} 49. Rg7+ {[%clk 0:14:52]} Kf6
{[%clk 0:24:05]} 50. Rg3 {[%clk 0:13:35]} f4 {[%clk 0:22:19]} 51. Rg4
{[%clk 0:13:41]} Ke6 {[%clk 0:22:49]} 52. Rd8 {[%clk 0:10:05]} Rc1+
{[%clk 0:22:50]} 53. Ke2 {[%clk 0:07:30]} f3+ {[%clk 0:23:19]} 54. Ke3
{[%clk 0:07:10]} Re1+ {[%clk 0:22:17]} 55. Kf2 {[%clk 0:07:22]} Re2+
{[%clk 0:22:46]} 56. Kf1 {[%clk 0:04:27]} Ke7 {[%clk 0:22:35]} 57. Rxh4
{[%clk 0:01:10]} Kxd8 {[%clk 0:23:03]} 58. Rxh6 {[%clk 0:01:30]} Rxb2
{[%clk 0:23:32]} 59. Rxa6 {[%clk 0:01:51]} Rh2 {[%clk 0:21:23]} 60. Rb6
{[%clk 0:01:04]} Rxh3 {[%clk 0:21:24]} 61. Rxb5 {[%clk 0:01:29]} Rh2
{[%clk 0:21:36]} 62. Rf5 {[%clk 0:01:17]} Rd2 {[%clk 0:21:57]} 63. Rf4
{[%clk 0:01:43]} Rd3 {[%clk 0:21:59]} 64. a4 {[%clk 0:02:09]} Kc7
{[%clk 0:22:27]} 65. Kf2 {[%clk 0:02:29]} Kb6 {[%clk 0:22:43]} 66. Kg3
{[%clk 0:02:18]} Ka5 {[%clk 0:23:03]} 67. Kg4 {[%clk 0:02:11]} f2
{[%clk 0:23:15]} 68. Rxf2 {[%clk 0:02:33]} Rxd4+ {[%clk 0:23:40]} 69. Rf4
{[%clk 0:02:59]} Rxf4+ {[%clk 0:24:05]} 70. Kxf4 {[%clk 0:03:26]} Kxa4
{[%clk 0:24:28]} 1/2-1/2

[Event "World Chess Olympiad 2018"]
[Site "Batumi"]
[Date "2018.10.03"]
[Round "9"]
[Board "4"]
[WhiteFideId "11601426"]
[White "Bernotas Arturs"]
[BlackFideId "13602250"]
[Black "Quparadze Giga"]
[Result "1/2-1/2"]
[LiveChessVersion "1.4.8"]
[BlackElo "2495"]
[WhiteElo "2408"]

1. e4 {[%clk 1:30:56]} c5 {[%clk 1:30:55]} 2. Nf3 {[%clk 1:31:19]} e6
{[%clk 1:31:19]} 3. d4 {[%clk 1:31:36]} cxd4 {[%clk 1:31:44]} 4. Nxd4
{[%clk 1:31:56]} a6 {[%clk 1:32:10]} 5. c4 {[%clk 1:32:00]} Nf6 {[%clk 1:31:57]}
6. Nc3 {[%clk 1:31:59]} Bb4 {[%clk 1:32:22]} 7. Qd3 {[%clk 1:31:35]} O-O
{[%clk 1:32:47]} 8. e5 {[%clk 1:29:24]} Ne8 {[%clk 1:33:12]} 9. a3
{[%clk 1:20:30]} Bxc3+ {[%clk 1:33:06]} 10. Qxc3 {[%clk 1:20:03]} d6
{[%clk 1:33:27]} 11. exd6 {[%clk 1:16:21]} Nxd6 {[%clk 1:33:49]} 12. Be2
{[%clk 1:12:48]} e5 {[%clk 1:34:06]} 13. Nc2 {[%clk 1:00:50]} Nc6
{[%clk 1:33:57]} 14. Be3 {[%clk 0:56:08]} Nf5 {[%clk 1:34:07]} 15. Rd1
{[%clk 0:54:05]} Qe7 {[%clk 1:34:30]} 16. O-O {[%clk 0:52:11]} Nxe3
{[%clk 1:29:31]} 17. Qxe3 {[%clk 0:47:03]} Bf5 {[%clk 1:18:31]} 18. Bd3
{[%clk 0:42:07]} Qe6 {[%clk 1:13:59]} 19. Bxf5 {[%clk 0:39:08]} Qxf5
{[%clk 1:14:23]} 20. Qd3 {[%clk 0:37:23]} Qe6 {[%clk 1:13:44]} 21. Qd5
{[%clk 0:36:49]} Qg6 {[%clk 1:14:08]} 22. Nb4 {[%clk 0:29:51]} Rac8
{[%clk 1:12:15]} 23. Nxc6 {[%clk 0:29:44]} Qxc6 {[%clk 1:12:40]} 24. Qxe5
{[%clk 0:28:24]} Qxc4 {[%clk 1:13:00]} 25. Rd4 {[%clk 0:25:46]} Qc2
{[%clk 1:12:47]} 26. Rd7 {[%clk 0:20:48]} Qb3 {[%clk 1:12:40]} 27. Re1
{[%clk 0:13:38]} h6 {[%clk 1:11:48]} 28. h3 {[%clk 0:12:35]} Rc2 {[%clk 1:11:38]}
29. Re3 {[%clk 0:07:02]} Qxb2 {[%clk 1:10:03]} 30. Qxb2 {[%clk 0:07:04]} Rxb2
{[%clk 1:10:29]} 31. Ree7 {[%clk 0:07:14]} b5 {[%clk 1:10:41]} 32. Ra7
{[%clk 0:07:08]} Ra2 {[%clk 1:11:06]} 33. Rxa6 {[%clk 0:05:40]} Rc8
{[%clk 1:11:18]} 34. g3 {[%clk 0:03:55]} b4 {[%clk 1:11:42]} 35. Raa7
{[%clk 0:02:35]} Rxa3 {[%clk 1:12:03]} 36. Rab7 {[%clk 0:02:42]} Rf3
{[%clk 1:12:25]} 37. Kg2 {[%clk 0:02:30]} Rf6 {[%clk 1:12:39]} 38. Re2
{[%clk 0:01:51]} Rc4 {[%clk 1:13:05]} 39. Rb2 {[%clk 0:02:12]} h5
{[%clk 1:13:29]} 40. R7xb4 {[%clk 0:32:26]} Rxb4 {[%clk 1:43:54]} 1/2-1/2

[Event "World Chess Olympiad 2018"]
[Site "Batumi"]
[Date "2018.10.03"]
[Round "9"]
[Board "1"]
[WhiteFideId "3208923"]
[White "Smirnov Anton"]
[BlackFideId "12800112"]
[Black "Sulskis Sarunas"]
[Result "1/2-1/2"]
[LiveChessVersion "1.4.8"]
[BlackElo "2525"]
[WhiteElo "2549"]

1. d4 {[%clk 1:30:55]} d5 {[%clk 1:30:23]} 2. c4 {[%clk 1:31:18]} c6
{[%clk 1:30:39]} 3. Nf3 {[%clk 1:31:42]} Nf6 {[%clk 1:29:59]} 4. Nc3
{[%clk 1:32:06]} e6 {[%clk 1:30:14]} 5. Bg5 {[%clk 1:32:29]} Nbd7
{[%clk 1:24:30]} 6. e3 {[%clk 1:32:12]} Qa5 {[%clk 1:24:12]} 7. cxd5
{[%clk 1:30:13]} Ne4 {[%clk 1:17:13]} 8. dxe6 {[%clk 1:13:20]} fxe6
{[%clk 1:17:35]} 9. Bh4 {[%clk 1:02:37]} Bb4 {[%clk 1:12:50]} 10. Nd2
{[%clk 1:02:42]} Nxc3 {[%clk 1:04:55]} 11. bxc3 {[%clk 1:03:07]} Bxc3
{[%clk 1:05:19]} 12. Rc1 {[%clk 1:01:51]} O-O {[%clk 0:52:02]} 13. Rc2
{[%clk 0:59:01]} c5 {[%clk 0:47:36]} 14. Be2 {[%clk 0:48:48]} cxd4
{[%clk 0:39:49]} 15. O-O {[%clk 0:48:11]} Bxd2 {[%clk 0:38:47]} 16. Rxd2
{[%clk 0:46:51]} dxe3 {[%clk 0:36:45]} 17. fxe3 {[%clk 0:45:01]} Nf6
{[%clk 0:34:19]} 18. Qc2 {[%clk 0:23:29]} b6 {[%clk 0:23:43]} 19. Bxf6
{[%clk 0:21:52]} gxf6 {[%clk 0:22:46]} 20. Rf3 {[%clk 0:17:53]} Qe5
{[%clk 0:16:30]} 21. Rd4 {[%clk 0:14:46]} f5 {[%clk 0:15:08]} 22. Qc3
{[%clk 0:15:06]} Kh8 {[%clk 0:14:36]} 23. Rh3 {[%clk 0:15:25]} Qf6
{[%clk 0:12:37]} 24. Bf3 {[%clk 0:14:54]} f4 {[%clk 0:05:11]} 25. Qd3
{[%clk 0:08:40]} Qg7 {[%clk 0:04:18]} 26. Be4 {[%clk 0:08:51]} h6
{[%clk 0:02:51]} 27. exf4 {[%clk 0:07:17]} Ba6 {[%clk 0:02:53]} 28. Qd2
{[%clk 0:05:18]} Rac8 {[%clk 0:02:56]} 29. f5 {[%clk 0:05:06]} Rf6
{[%clk 0:01:07]} 30. Rc3 {[%clk 0:02:52]} Rff8 {[%clk 0:01:05]} 31. Rg3
{[%clk 0:01:23]} Rc1+ {[%clk 0:01:07]} 32. Qxc1 {[%clk 0:01:52]} Qxd4+
{[%clk 0:01:31]} 33. Kh1 {[%clk 0:02:19]} Rf6 {[%clk 0:01:42]} 34. Bd3
{[%clk 0:02:17]} Bb7 {[%clk 0:01:36]} 35. h3 {[%clk 0:02:19]} Qe5
{[%clk 0:01:01]} 36. Re3 {[%clk 0:02:36]} Qf4 {[%clk 0:00:54]} 37. Qe1
{[%clk 0:01:24]} exf5 {[%clk 0:00:35]} 38. Qc3 {[%clk 0:00:51]} Qd6
{[%clk 0:00:32]} 39. Re8+ {[%clk 0:00:39]} Kg7 {[%clk 0:00:50]} 40. Re2
{[%clk 0:30:33]} Qc5 {[%clk 0:30:37]} 41. Qe1 {[%clk 0:28:23]} Qd6
{[%clk 0:22:05]} 42. Re3 {[%clk 0:18:46]} Bd5 {[%clk 0:19:14]} 43. Qc3
{[%clk 0:13:54]} f4 {[%clk 0:14:33]} 44. Re5 {[%clk 0:11:05]} Bxa2
{[%clk 0:14:42]} 45. Be4 {[%clk 0:10:18]} Bf7 {[%clk 0:14:24]} 46. Bf3
{[%clk 0:10:39]} a5 {[%clk 0:13:57]} 47. Re4 {[%clk 0:10:56]} Qc5
{[%clk 0:12:11]} 48. Qb2 {[%clk 0:11:19]} Qd6 {[%clk 0:12:21]} 49. Qa1
{[%clk 0:10:23]} Qc7 {[%clk 0:11:56]} 50. Qb2 {[%clk 0:09:41]} Bd5
{[%clk 0:09:00]} 51. Rd4 Qe5 {[%clk 0:08:01]} 52. Qd2 {[%clk 0:08:00]} Bf7
{[%clk 0:06:02]} 53. Re4 {[%clk 0:07:14]} Qd6 {[%clk 0:05:34]} 54. Qc3
{[%clk 0:06:43]} Qc5 {[%clk 0:05:42]} 55. Qb2 {[%clk 0:06:27]} Qd6
{[%clk 0:05:43]} 56. Kh2 {[%clk 0:06:50]} Qc7 {[%clk 0:05:40]} 57. Re1
{[%clk 0:05:15]} a4 {[%clk 0:05:02]} 58. Re4 {[%clk 0:04:55]} Qd7
{[%clk 0:03:49]} 59. Rb4 {[%clk 0:05:04]} b5 {[%clk 0:03:44]} 60. Rxb5
{[%clk 0:04:40]} a3 {[%clk 0:03:54]} 61. Qe5 {[%clk 0:05:05]} a2 {[%clk 0:03:27]}
62. Ra5 {[%clk 0:05:16]} Qe6 {[%clk 0:02:44]} 63. Qb2 {[%clk 0:04:54]} Qe1
{[%clk 0:02:44]} 64. Ra6 {[%clk 0:05:19]} Qg3+ {[%clk 0:02:16]} 65. Kh1
{[%clk 0:05:38]} Qe1+ {[%clk 0:02:31]} 66. Kh2 {[%clk 0:06:05]} Qg3+ 1/2-1/2

[Event "World Chess Olympiad 2018"]
[Site "Batumi"]
[Date "2018.10.03"]
[Round "9"]
[Board "2"]
[WhiteFideId "12809390"]
[White "Pultinevicius Paulius"]
[BlackFideId "3205207"]
[Black "Illingworth Max"]
[Result "1-0"]
[LiveChessVersion "1.4.8"]
[BlackElo "2512"]
[WhiteElo "2465"]

1. d4 {[%clk 1:30:58]} Nf6 {[%clk 1:30:45]} 2. c4 {[%clk 1:31:24]} g6
{[%clk 1:31:02]} 3. Nc3 {[%clk 1:31:18]} Bg7 {[%clk 1:31:20]} 4. e4
{[%clk 1:24:28]} d6 {[%clk 1:31:44]} 5. Be2 {[%clk 1:21:20]} O-O {[%clk 1:32:05]}
6. Nf3 {[%clk 1:16:40]} e5 {[%clk 1:32:29]} 7. O-O {[%clk 1:17:06]} Nc6
{[%clk 1:32:49]} 8. d5 {[%clk 1:17:05]} Ne7 {[%clk 1:33:12]} 9. Nd2
{[%clk 1:17:30]} a5 {[%clk 1:33:37]} 10. a3 {[%clk 1:11:05]} Nd7 {[%clk 1:34:02]}
11. Rb1 {[%clk 1:10:02]} f5 {[%clk 1:30:30]} 12. b4 {[%clk 1:09:12]} Kh8
{[%clk 1:30:55]} 13. Bb2 {[%clk 0:51:16]} Ng8 {[%clk 1:27:14]} 14. Rc1
{[%clk 0:42:42]} Ngf6 {[%clk 1:20:52]} 15. Bf3 {[%clk 0:34:14]} Bh6
{[%clk 1:20:39]} 16. Rc2 {[%clk 0:33:27]} Rf7 {[%clk 1:18:14]} 17. Re1
{[%clk 0:28:38]} Rg7 {[%clk 1:15:21]} 18. c5 {[%clk 0:22:38]} axb4
{[%clk 1:13:18]} 19. axb4 {[%clk 0:23:02]} dxc5 {[%clk 1:08:28]} 20. Nb5
{[%clk 0:21:53]} c6 {[%clk 0:44:35]} 21. dxc6 {[%clk 0:21:16]} bxc6
{[%clk 0:44:33]} 22. exf5 {[%clk 0:20:27]} gxf5 {[%clk 0:43:55]} 23. Nd6
{[%clk 0:13:38]} e4 {[%clk 0:42:50]} 24. Nxf5 {[%clk 0:11:33]} exf3
{[%clk 0:42:37]} 25. Qxf3 {[%clk 0:10:29]} Rg6 {[%clk 0:37:32]} 26. Ne4
{[%clk 0:08:45]} Kg8 {[%clk 0:34:35]} 27. Nxf6+ {[%clk 0:05:21]} Nxf6
{[%clk 0:33:05]} 28. Ne7+ {[%clk 0:05:37]} Kf7 {[%clk 0:33:13]} 29. Nxg6
{[%clk 0:03:01]} hxg6 {[%clk 0:32:38]} 30. Rd1 {[%clk 0:02:11]} Qh8
{[%clk 0:30:57]} 31. Qxc6 {[%clk 0:01:37]} Bf4 {[%clk 0:30:40]} 32. g3
{[%clk 0:00:53]} Bf5 {[%clk 0:29:15]} 33. Qb7+ {[%clk 0:01:05]} Ke6
{[%clk 0:28:51]} 34. Re2+ {[%clk 0:01:26]} 1-0

[Event "World Chess Olympiad 2018"]
[Site "Batumi"]
[Date "2018.10.03"]
[Round "9"]
[Board "3"]
[WhiteFideId "4300033"]
[White "Cheng Bobby"]
[BlackFideId "12803731"]
[Black "Laurusas Tomas"]
[Result "1/2-1/2"]
[LiveChessVersion "1.4.8"]
[BlackElo "2484"]
[WhiteElo "2507"]

1. d4 {[%clk 1:30:57]} d5 {[%clk 1:30:53]} 2. c4 {[%clk 1:31:23]} c6
{[%clk 1:31:19]} 3. Nc3 {[%clk 1:31:48]} Nf6 {[%clk 1:31:44]} 4. cxd5
{[%clk 1:32:13]} cxd5 {[%clk 1:31:46]} 5. Bf4 {[%clk 1:32:38]} Nc6
{[%clk 1:26:41]} 6. e3 {[%clk 1:33:04]} a6 {[%clk 1:27:04]} 7. Be2
{[%clk 1:31:00]} Qb6 {[%clk 1:20:19]} 8. Qb3 {[%clk 1:18:47]} Qxb3
{[%clk 1:19:43]} 9. axb3 {[%clk 1:19:13]} Nb4 {[%clk 1:15:38]} 10. Kd2
{[%clk 1:10:25]} Bd7 {[%clk 1:03:15]} 11. Nf3 {[%clk 1:09:01]} e6
{[%clk 1:03:05]} 12. h4 {[%clk 0:58:57]} Ne4+ {[%clk 0:55:24]} 13. Nxe4
{[%clk 0:57:59]} dxe4 {[%clk 0:55:52]} 14. Ne5 {[%clk 0:53:08]} Nd5
{[%clk 0:56:16]} 15. Rhc1 {[%clk 0:47:36]} Bb4+ {[%clk 0:47:59]} 16. Kd1
{[%clk 0:48:03]} f6 {[%clk 0:33:57]} 17. Nxd7 {[%clk 0:37:57]} Kxd7
{[%clk 0:34:26]} 18. Bg3 {[%clk 0:38:20]} Rac8 {[%clk 0:34:17]} 19. Rc4
{[%clk 0:37:09]} g6 {[%clk 0:31:07]} 20. Bh2 {[%clk 0:31:42]} f5 {[%clk 0:30:26]}
21. Be5 {[%clk 0:28:27]} Rhf8 {[%clk 0:29:40]} 22. g3 {[%clk 0:27:35]} Bd6
{[%clk 0:28:50]} 23. Bf4 {[%clk 0:24:14]} Rc6 {[%clk 0:24:18]} 24. Rxc6
{[%clk 0:21:42]} Kxc6 {[%clk 0:24:47]} 25. Bc4 {[%clk 0:22:07]} Kd7
{[%clk 0:20:14]} 26. Kd2 {[%clk 0:13:06]} h5 {[%clk 0:19:40]} 27. Bxd6
{[%clk 0:04:45]} Kxd6 {[%clk 0:20:03]} 28. Bxd5 {[%clk 0:05:11]} exd5
{[%clk 0:20:25]} 29. Rc1 {[%clk 0:05:39]} b6 {[%clk 0:18:50]} 30. b4
{[%clk 0:04:58]} Kd7 {[%clk 0:18:44]} 31. b5 {[%clk 0:02:26]} axb5
{[%clk 0:18:58]} 32. Ra1 {[%clk 0:02:53]} Rc8 {[%clk 0:19:04]} 33. Ra7+
{[%clk 0:03:18]} Ke6 {[%clk 0:19:05]} 34. Rg7 {[%clk 0:02:00]} Kf6
{[%clk 0:19:30]} 35. Rd7 {[%clk 0:02:13]} Ke6 {[%clk 0:19:55]} 36. Rg7
{[%clk 0:02:38]} 1/2-1/2

[Event "World Chess Olympiad 2018"]
[Site "Batumi"]
[Date "2018.10.03"]
[Round "9"]
[Board "1"]
[WhiteFideId "5201268"]
[White "Sadorra Julio Catalino"]
[BlackFideId "8700281"]
[Black "Kayonde Andrew"]
[Result "1/2-1/2"]
[LiveChessVersion "1.4.8"]
[BlackElo "2393"]
[WhiteElo "2553"]

1. d4 {[%clk 1:30:44]} d5 {[%clk 1:29:43]} 2. c4 {[%clk 1:30:56]} e6
{[%clk 1:29:35]} 3. Nc3 {[%clk 1:30:08]} c6 {[%clk 1:29:04]} 4. Nf3
{[%clk 1:30:16]} Nf6 {[%clk 1:28:43]} 5. g3 {[%clk 1:20:33]} dxc4
{[%clk 1:25:21]} 6. Bg2 {[%clk 1:20:59]} Nbd7 {[%clk 1:23:06]} 7. O-O
{[%clk 1:19:23]} Be7 {[%clk 1:18:31]} 8. e4 {[%clk 1:19:26]} O-O {[%clk 1:17:43]}
9. a4 {[%clk 1:19:32]} a5 {[%clk 1:16:22]} 10. Qe2 {[%clk 1:15:47]} b6
{[%clk 1:16:05]} 11. Rd1 {[%clk 1:15:52]} Ba6 {[%clk 1:16:24]} 12. Nd2
{[%clk 1:15:18]} Ra7 {[%clk 1:03:41]} 13. Nxc4 {[%clk 1:08:06]} b5
{[%clk 1:03:52]} 14. axb5 {[%clk 1:00:52]} cxb5 {[%clk 1:04:14]} 15. Nxa5
{[%clk 0:52:42]} b4 {[%clk 1:00:00]} 16. Qe1 {[%clk 0:49:56]} Qb6
{[%clk 0:40:26]} 17. e5 {[%clk 0:48:35]} bxc3 {[%clk 0:39:05]} 18. Nc6
{[%clk 0:43:35]} Nd5 {[%clk 0:27:34]} 19. Bxd5 {[%clk 0:43:14]} exd5
{[%clk 0:27:52]} 20. Nxe7+ {[%clk 0:43:32]} Kh8 {[%clk 0:28:06]} 21. Qxc3
{[%clk 0:28:43]} Qe6 {[%clk 0:28:03]} 22. Nc6 {[%clk 0:26:49]} Rc8
{[%clk 0:28:22]} 23. Nxa7 {[%clk 0:26:16]} Rxc3 {[%clk 0:28:33]} 24. bxc3
{[%clk 0:26:43]} h5 {[%clk 0:27:33]} 25. c4 {[%clk 0:26:03]} Bxc4
{[%clk 0:27:42]} 26. Nc8 {[%clk 0:26:30]} Nxe5 {[%clk 0:27:42]} 27. dxe5
{[%clk 0:26:07]} Qxc8 {[%clk 0:28:04]} 28. Rd4 {[%clk 0:24:57]} Be2
{[%clk 0:26:31]} 29. Be3 {[%clk 0:24:56]} Qe6 {[%clk 0:23:09]} 30. Rf4
{[%clk 0:22:14]} g5 {[%clk 0:21:30]} 31. Rxf7 {[%clk 0:16:43]} 1/2-1/2